Statistics for All 50k+ city's of Oceania

Click here to take the quiz!

General Stats

  • This quiz has been taken 8 times
  • The average score is 24 of 53

Answers on the Map

Answers color-coded by a green-red scale on the quiz's map according to % correct below.
 

Answer Stats

CountryPopulationCity% Correct
Australia1,295,714Adelaide
100%
New Zealand1,346,091Auckland
100%
Austraia2,360,241Brisbane
100%
Australia381,488Canberra
100%
New Zealand383,200Christchurch
100%
Australia136,828Darwin
100%
Australia2,141,834Perth
100%
Papua New Guinea700,000Port Moresby
100%
Australia4,840,600Sydney
100%
New Zealand418,500Wellington
100%
Australia146,778Cairns
80%
Australia638,090Gold Coast
80%
Australia222,356Hobart
80%
Solomon Islands84,520Honiara
80%
Australia4,529,500Melbourne
80%
Australia152,984Newcastle
80%
Australia346,569Central Coast
60%
New Zealand176,500Hamilton
60%
Fiji185,913Suva
60%
Australia70,540Bundaberg
40%
Papua New Guinea193,000Lae
40%
New Zealand62,241Napier
40%
New Zealand53,988New Plymouth
40%
New Zealand76,236Palmerston North
40%
New Zealand55,218Porirua
40%
New Zealand54,204Rotorua
40%
Australia67,364Wagga Wagga
40%
New Zealand50,784Whangarei
40%
Australia261,896Wollongong
40%
Australia98,543Ballarat
20%
Australia95,578Bendigo
20%
Australia71,090Bunbury
20%
Australia54,674Hervey Bay
20%
Australia163,000Ipswich
20%
Australia106,153Launceston
20%
Fiji52,220Lautoka
20%
New Zealand103,400Lower Hut
20%
Australia72,900Mackay
20%
Papua New Guinea62,023Madang
20%
Australia72,177Melton
20%
Fiji71,048Nadi
20%
Fiji57,882Nausori
20%
New Zealand151,300Tauranga
20%
Australia135,631Toowoomba
20%
Australia178,649Townsville
20%
Australia460,491Crabourne
0%
New Zealand99,885Dunedn
0%
Australia184,182Geeong
0%
New Zealand375,600Manukau City
0%
Papua New Guinea56,055Mendi
0%
New Zealand205,605Northcote
0%
Papua New Guinea65,000Popondetta
0%
New Zealand208,100Waitakere
0%

Score Distribution

Percentile by Number Answered

Percent of People with Each Score

Your Score History

You have not taken this quiz